Statistics for Election of 1800 Trivia

Click here to take the quiz!

General Stats

  • This quiz has been taken 22 times
  • The average score is 12 of 15

Answer Stats

HintAnswer% Correct
Running MateAaron Burr
100%
Their PartyFederalist
100%
OpponentJohn Adams
100%
VictorThomas Jefferson
100%
Their PartyDemocratic Republican
94%
Their Home StateVirginia
94%
What State had an Invalid Delegate
Certification Nearly Forcing The House
to Decide the Winner
Georgia
88%
Their Home StateMassachusetts
88%
Northern Most State Held By VictorNew York
88%
State With the Closest MarginMaryland's 4th District
76%
State With the Largest Margin
63% for the Victor
Kentucky
71%
Southern Most State Held by OpponentDelaware
65%
State With the Largest Margin of 4%
for the Opponent
(Little Data)
Rhode Island
59%
Running MateCharles Pickney
41%
Other Candidate Who Won Only One
Electoral Vote
John Jay
18%

Score Distribution

Percentile by Number Answered

Percent of People with Each Score

Your Score History

You have not taken this quiz